| 000 | 01348nam0a2200325 4500 | ||
|---|---|---|---|
| 001 | RU\NLR\BIBL_A\022638056 | ||
| 005 | 20260420054447.0 | ||
| 010 |
_a978-5-7310-6595-5 _9500 |
||
| 021 |
_aRU _bКН-П-25-042196 _9КН-П-25-4106 |
||
| 021 |
_aRU _bКН-П-25-042196 _9КН-П-25-5509 |
||
| 035 | _a(NLR Aleph) 022638056 | ||
| 090 |
_a13685155 _c13685155 |
||
| 100 | _a20251007d2025 u y0rusy50 ca | ||
| 101 | 1 |
_arus _cger |
|
| 102 | _aRU | ||
| 105 | _aa|||j|||000yy | ||
| 181 | 0 |
_ai _baxxe |
|
| 182 | 0 | _an | |
| 200 | 1 |
_aКонцепция Подотейпирования _eучебное пособие _fЙорг Хальфманн _gперевод с немецкого ООО "Мирада" |
|
| 203 |
_aТекст _bвизуальный _cнепосредственный |
||
| 210 |
_aСанкт-Петербург _cМирада _cИзд-во СПбГЭУ _d2025 |
||
| 215 |
_a159 с. _cил., цв. ил. _d24 |
||
| 606 | 1 |
_aСтопа _jУчебные издания _xТейпирование при ортопедических болезнях _92380721 _3RU\NLR\AUTH\6601641405 |
|
| 610 | 0 | _aтейпирование | |
| 686 | 1 | _aР458.285.7-541я7 | |
| 700 | 1 |
_aХальфманн _bЙ. _gЙорг |
|
| 942 | _cBOOK | ||
| 980 | _aNB | ||